LEADER 01022nam a2200253 i 4500 001 000000107374 003 CaOOAMICUS 005 20220422105645.0 008 051013s1978 it u000 u ita u 013 $a79620 040 $aSeMil$bita 100 1 $aDel Bo, Dino,$d<1916-1991>.$0(OLS)http://semarc/name/30082 245 10$aCaterina da Genova :$bl'amore e il Purgatorio /$cDino Del Bo. 260 $aMilano :$bAll'insegna del pesce d'oro,$c1978. 300 $a178 p. ;$c18 cm. 500 $aFondo Ciprandi. 600 04$aCaterina : da Genova .$0(OLS)http://semarc/subject/52161 850 $aSeMil 852 $aSeMil$W1$xVenegono$y1$m2C V 486$j63470$B63470$CSeMilBibl$Z2$F104490 $81 941 1 $a1 961 $aOmaggio: Ciprandi dott. Paolo 996 $6245$aCaterina da Genova :$bl'amore e il Purgatorio$9(OLS)http://semarc/title/155827 996 $6260$aMilano :$bAll'insegna del pesce d'oro$9(OLS)http://semarc/publisher/29752 LEADER 01249nam a2200277 i 4500 001 000000100084 003 CaOOAMICUS 005 20200417132509.0 008 031002n fr u000 u mul u 013 $a72236 020 $a2-204-04981-6 040 $aSeMil$bita 245 10$a1: Introduction /$cTertullien ; introduction par Claudio Micaelli ; texte critique et traduction par Charles Munier. 700 1 $aMicaelli, Claudio.$0(OLS)http://semarc/name/17156 700 0 $aTertullianus, Quintus Septimius Florens,$d.$0(OLS)http://semarc/name/1146 700 1 $aMunier, Charles,$d<1922- >.$0(OLS)http://semarc/name/20008 773 0 $aTertullianus, Quintus Septimius Florens $tPudicité.$dParis : Les Éditions du Cerf, 1993.$g1$w()10066 830 0$aSources chrétiennes ;$v394.$0(OLS)http://semarc/title/72 850 $aSeMil 852 $aSeMil$W1$xVenegono$y1$mSL1.T VIII 394$j57318$B57318$CSeMilBibl$Z2$F67595 $8I 900 0 $aTertulliano,$d. 961 $aSottoscrizione: Cerf (Éditions) 996 $6020$a2-204-04981-6$9(OLS)http://semarc/number/80039 996 $6245$a1: Introduction$9(OLS)http://semarc/title/429076